[Event "HUN-chT2 Erkel 1314"]
[Site "Hungary"]
[Date "2014.03.23"]
[Round "9.5"]
[White "Domany, Mihaly"]
[Black "Bodi, Tamas"]
[Result "1/2-1/2"]
[WhiteElo "2216"]
[BlackElo "2111"]
[PlyCount "20"]
[EventDate "2013.09.08"]
[EventType "team-tourn"]
[EventRounds "11"]
[EventCountry "HUN"]
[SourceTitle "EXT 2016"]
[Source "ChessBase"]
[SourceDate "2015.10.08"]
[SourceVersion "1"]
[SourceVersionDate "2015.10.08"]
[SourceQuality "1"]
[WhiteTeam "Paszto"]
[BlackTeam "Andornaktalya"]
[WhiteTeamCountry "HUN"]
[BlackTeamCountry "HUN"]

1. e4 d5 2. exd5 Qxd5 3. Nc3 Qd6 4. d4 a6 5. Nf3 Nf6 6. g3 e6 7. Bg2 Be7 8. 0-0 0-0 9. Bf4 Qd8 10. Ne5 Nbd7 1/2-1/2

[Event "HUN-chT2 Erkel 1213"]
[Site "Hungary"]
[Date "2013.04.07"]
[Round "10.4"]
[White "Bencze, Laszlo"]
[Black "Bodi, Tamas"]
[Result "0-1"]
[WhiteElo "2200"]
[BlackElo "2076"]
[PlyCount "164"]
[EventDate "2012.09.16"]
[EventType "team-tourn"]
[EventRounds "11"]
[EventCountry "HUN"]
[SourceTitle "EXT 2014"]
[Source "ChessBase"]
[SourceDate "2013.11.20"]
[SourceVersion "1"]
[SourceVersionDate "2013.11.20"]
[SourceQuality "1"]
[WhiteTeam "Dunaharaszti"]
[BlackTeam "Andornaktalya"]
[WhiteTeamCountry "HUN"]
[BlackTeamCountry "HUN"]

1. Nf3 g6 2. c4 Bg7 3. Nc3 c6 4. g3 d6 5. Bg2 f5 6. d4 Nf6 7. d5 c5 8. 0-0 0-0 9. e4 fxe4 10. Ng5 h6 11. Ngxe4 Nbd7 12. Qe2 Kh7 13. f4 Nxe4 14. Nxe4 Nf6 15. Nf2 b5 16. cxb5 a6 17. Rd1 axb5 18. Qxb5 Ng4 19. Qe2 Nxf2 20. Qxf2 Rb8 21. Kh1 Bg4 22. Re1 Bd4 23. Qc2 Bf5 24. Qe2 Rf7 25. g4 Bd7 26. Be4 Qh8 27. Rb1 Qf6 28. Rd1 Qh4 29. Bf3 Bb5 30. Qg2 Bd3 31. Ra1 c4 32. Rxd3 cxd3 33. Qd2 Qf2 34. Qxf2 Bxf2 35. b3 Rff8 36. Bd2 Rfc8 37. Rd1 Rc2 38. Be4 Rxa2 39. Bxd3 Bd4 40. Bc4 Ra1 41. Rxa1 Bxa1 42. Be3 Kg7 43. Kg2 Kf6 44. h4 Bc3 45. Kf3 Be1 46. Bd4+ Kf7 47. h5 gxh5 48. gxh5 Bh4 49. Kg4 Bf6 50. Be3 Rg8+ 51. Kf3 Bc3 52. Bd3 Rb8 53. Bc2 Rb4 54. Bg6+ Kg7 55. Bc2 Rb8 56. Ke4 Ra8 57. Kd3 Bf6 58. b4 Ra3+ 59. Ke4 Ra2 60. Bd3 Rb2 61. b5 Rb4+ 62. Kf3 Bd4 63. Bc1 Kf6 64. Ke2 Rb3 65. Bd2 Rb2 66. Kd1 Ra2 67. Ke1 Ra1+ 68. Ke2 Rh1 69. Bg6 Rh3 70. Be8 Rb3 71. Bd7 Rg3 72. Bc1 Rg1 73. Bd2 Rh1 74. Kd3 Bb6 75. Bg4 Rg1 76. Bc3+ Kf7 77. Be6+ Kf8 78. Ke4 Rf1 79. Bh3 Rc1 80. Bd2 Rc4+ 81. Kd3 Rd4+ 82. Kc3 Rxd5 0-1

[Event "HUN-chT2 Erkel 1213"]
[Site "Hungary"]
[Date "2013.01.27"]
[Round "6.4"]
[White "Bodi, Tamas"]
[Black "Gombocz, Zsolt"]
[Result "1-0"]
[WhiteElo "2076"]
[BlackElo "2072"]
[PlyCount "81"]
[EventDate "2012.09.16"]
[EventType "team-tourn"]
[EventRounds "11"]
[EventCountry "HUN"]
[SourceTitle "EXT 2014"]
[Source "ChessBase"]
[SourceDate "2013.11.20"]
[SourceVersion "1"]
[SourceVersionDate "2013.11.20"]
[SourceQuality "1"]
[WhiteTeam "Andornaktalya"]
[BlackTeam "Barcza"]
[WhiteTeamCountry "HUN"]
[BlackTeamCountry "HUN"]

1. d4 d5 2. Nf3 Nf6 3. Bf4 e6 4. e3 c6 5. c3 Bd6 6. Nbd2 Bxf4 7. exf4 0-0 8. Ne5 Qc7 9. Bd3 b6 10. Qf3 Ba6 11. Bb1 Nbd7 12. g4 c5 13. g5 Nxe5 14. dxe5 Nd7 15. Qh3 g6 16. Qg3 Qc6 17. Bc2 b5 18. h4 b4 19. h5 Rfd8 20. hxg6 fxg6 21. Qh3 Nf8 22. Bxg6 hxg6 23. Qh8+ Kf7 24. Qf6+ Ke8 25. Rh8 Kd7 26. Qf7+ Kc8 27. Rxf8 Rxf8 28. Qxf8+ Kc7 29. Qe7+ Kb6 30. Nb3 Re8 31. Qf7 Rh8 32. 0-0-0 Rh2 33. cxb4 cxb4+ 34. Kb1 Bd3+ 35. Ka1 Bf5 36. Nd4 Qc7 37. Qe8 Qc4 38. Nxe6 Rxf2 39. Qb8+ Kc6 40. Qc7+ Kb5 41. Qb7+ 1-0

[Event "HUN-chT2 Erkel 1112"]
[Site "Hungary"]
[Date "2012.05.06"]
[Round "10.6"]
[White "Rabovszky, Gyorgy"]
[Black "Bodi, Tamas"]
[Result "1/2-1/2"]
[WhiteElo "1902"]
[BlackElo "2136"]
[PlyCount "50"]
[EventDate "2011.09.25"]
[EventType "team-tourn"]
[EventRounds "11"]
[EventCountry "HUN"]
[SourceTitle "EXT 2013"]
[Source "ChessBase"]
[SourceDate "2012.11.22"]
[SourceVersion "1"]
[SourceVersionDate "2012.11.22"]
[SourceQuality "1"]
[WhiteTeam "Honved II"]
[BlackTeam "Paszto"]
[WhiteTeamCountry "HUN"]
[BlackTeamCountry "HUN"]

1. e4 d5 2. exd5 Qxd5 3. Nc3 Qd6 4. d4 a6 5. Bd3 Nf6 6. Nge2 b5 7. Bf4 Qb6 8. 0-0 Bb7 9. a4 b4 10. a5 Qc6 11. d5 Nxd5 12. Nxd5 Qxd5 13. f3 e6 14. Qe1 Bd6 15. Qg3 g6 16. Kh1 Qc5 17. Bxd6 Qxd6 18. Qh4 Qe7 19. Qh6 Nd7 20. c3 bxc3 21. Nxc3 Qf8 22. Qh4 Qe7 23. Qh6 Qf8 24. Qh4 Qe7 25. Qh6 Qf8 1/2-1/2

[Event "HUN-chT2 Maroczy 0910"]
[Site "Hungary"]
[Date "2010.02.27"]
[Round "5"]
[White "Bodi, Tamas"]
[Black "Varadi, Laszlo"]
[Result "1-0"]
[WhiteElo "2185"]
[BlackElo "2156"]
[PlyCount "77"]
[EventDate "2009.11.08"]
[EventType "team-tourn"]
[EventRounds "11"]
[EventCountry "HUN"]
[SourceTitle "EXT 2011"]
[Source "ChessBase"]
[SourceDate "2010.11.26"]
[SourceVersion "1"]
[SourceVersionDate "2010.11.26"]
[SourceQuality "1"]
[WhiteTeam "Matra"]
[BlackTeam "Gyula"]
[WhiteTeamCountry "HUN"]
[BlackTeamCountry "HUN"]

1. d4 Nf6 2. Nf3 g6 3. Bg5 Ne4 4. Bf4 Bg7 5. e3 d5 6. Nbd2 c5 7. c3 cxd4 8. exd4 Nd6 9. Qb3 e6 10. Be5 0-0 11. Bxg7 Kxg7 12. h4 h5 13. Ne5 f6 14. Nd3 Nc6 15. Be2 f5 16. Nf4 Ne4 17. Nxe4 fxe4 18. g3 a5 19. Qd1 Rf5 20. Qd2 Qd6 21. Ng2 Qf8 22. Qe3 e5 23. dxe5 Nxe5 24. Nf4 Ng4 25. Bxg4 hxg4 26. 0-0-0 Qf7 27. Qd4+ Kh7 28. h5 g5 29. Nxd5 Rxf2 30. h6 Ra6 31. Nf4 Rf3 32. Qd8 Rc6 33. Qxg5 Bf5 34. Rd8 e3 35. Re8 Rc7 36. Nd5 Qxd5 37. Re7+ Qf7 38. Qg7+ Qxg7 39. hxg7+ 1-0

[Event "HUN-chT2 Maroczy 0910"]
[Site "Hungary"]
[Date "2009.12.06"]
[Round "3"]
[White "Bodi, Tamas"]
[Black "Radnai, Adam"]
[Result "0-1"]
[WhiteElo "2185"]
[BlackElo "2229"]
[PlyCount "84"]
[EventDate "2009.11.08"]
[EventType "team-tourn"]
[EventRounds "11"]
[EventCountry "HUN"]
[SourceTitle "EXT 2011"]
[Source "ChessBase"]
[SourceDate "2010.11.26"]
[SourceVersion "1"]
[SourceVersionDate "2010.11.26"]
[SourceQuality "1"]
[WhiteTeam "Matra"]
[BlackTeam "Nyiregyhaza"]
[WhiteTeamCountry "HUN"]
[BlackTeamCountry "HUN"]

1. d4 d5 2. Nf3 c6 3. c3 Nf6 4. Bf4 e6 5. e3 Be7 6. Bd3 Nh5 7. Bg3 Nd7 8. Nbd2 0-0 9. Ne5 g6 10. Ndf3 Qe8 11. Qc2 Nxg3 12. hxg3 Bf6 13. 0-0-0 Nxe5 14. Nxe5 c5 15. f4 c4 16. Be2 Bg7 17. Bf3 f6 18. Ng4 h5 19. Nf2 f5 20. Qe2 Qa4 21. Kb1 Bd7 22. Nh3 Bf6 23. Nf2 Kg7 24. Rc1 b5 25. e4 dxe4 26. Nxe4 fxe4 27. Bxe4 b4 28. Bxg6 Rh8 29. Bxh5 Qb5 30. Qg4+ Kf8 31. Qf3 Bc6 32. Qe2 bxc3 33. Rxc3 Rb8 34. Rc2 Qd5 35. g4 Ba4 36. Rd2 c3 37. b3 Bxb3 38. axb3 Qxb3+ 39. Ka1 Bxd4 40. Qd3 Qa3+ 41. Ra2 c2+ 42. Qxd4 c1Q+ 0-1

[Event "Eger Osz op"]
[Site "Eger"]
[Date "2009.10.25"]
[Round "7"]
[White "Dobroczy, Viktor"]
[Black "Bodi, Tamas"]
[Result "0-1"]
[WhiteElo "1909"]
[BlackElo "2185"]
[PlyCount "106"]
[EventDate "2009.10.22"]
[EventType "swiss"]
[EventRounds "7"]
[EventCountry "HUN"]
[SourceTitle "EXT 2011"]
[Source "ChessBase"]
[SourceDate "2010.11.26"]
[SourceVersion "1"]
[SourceVersionDate "2010.11.26"]
[SourceQuality "1"]

1. d4 d5 2. Nf3 Nf6 3. Bf4 e6 4. e3 Be7 5. Bd3 0-0 6. Nbd2 c5 7. c3 Nc6 8. Ne5 c4 9. Bc2 Bd7 10. g4 Nxe5 11. dxe5 Ne8 12. Qf3 Qb6 13. Rb1 Bc6 14. Qh3 g6 15. Rg1 Ng7 16. Nf3 Qd8 17. Qh6 f6 18. Nh4 Be8 19. exf6 Rxf6 20. g5 Rxf4 21. exf4 Nf5 22. Nxf5 exf5 23. Kd2 Bf8 24. Qh3 Bg7 25. Rbd1 Qb6 26. Qf3 Qxb2 27. Rb1 Qa3 28. Rxb7 Rd8 29. Re1 Bc6 30. Rc7 Qd6 31. Ree7 Bd7 32. Rxg7+ Kxg7 33. Rxa7 d4 34. Kc1 Kh8 35. Ra8 Rxa8 36. Qxa8+ Kg7 37. Qf3 d3 38. Bd1 Qa3+ 39. Kd2 Qb2+ 40. Ke3 Qxc3 41. Qd5 Qc1+ 42. Kd4 Qxf4+ 43. Kc3 Qc1+ 44. Kd4 Qf4+ 45. Kc3 Qc1+ 46. Kd4 Qb2+ 47. Ke3 Qb6+ 48. Qd4+ Qxd4+ 49. Kxd4 Bb5 50. Kc3 Kf7 51. Bf3 Ke6 52. Bg2 Ke5 53. f4+ Kxf4 0-1

[Event "Eger Osz op"]
[Site "Eger"]
[Date "2009.10.23"]
[Round "2"]
[White "Bodi, Tamas"]
[Black "Gledura, Benjamin"]
[Result "1/2-1/2"]
[WhiteElo "2185"]
[BlackElo "2018"]
[PlyCount "104"]
[EventDate "2009.10.22"]
[EventType "swiss"]
[EventRounds "7"]
[EventCountry "HUN"]
[SourceTitle "EXT 2011"]
[Source "ChessBase"]
[SourceDate "2010.11.26"]
[SourceVersion "1"]
[SourceVersionDate "2010.11.26"]
[SourceQuality "1"]

1. b3 e5 2. Bb2 Nc6 3. g3 d5 4. Bg2 Nf6 5. d3 Bc5 6. e3 0-0 7. Nd2 Re8 8. Ne2 Bg4 9. h3 Bh5 10. g4 Bg6 11. Ng3 e4 12. dxe4 d4 13. exd4 Bxd4 14. Bxd4 Qxd4 15. 0-0 Rad8 16. Nc4 Qc5 17. Qe1 Nd4 18. Qa5 Qxa5 19. Nxa5 Nxe4 20. Nxe4 Bxe4 21. Nxb7 Bxb7 22. Bxb7 Nxc2 23. Rac1 Rd2 24. Bc6 Re6 25. Rfd1 Rxd1+ 26. Rxd1 g6 27. Bf3 c5 28. Rd7 a5 29. Bd5 Rf6 30. Rc7 Nb4 31. Rxc5 a4 32. bxa4 Nxd5 33. Rxd5 Rf3 34. Kg2 Ra3 35. Ra5 Rxa2 36. Ra7 g5 37. a5 Kg7 38. a6 h6 39. Ra8 Ra3 40. Kh2 Kh7 41. Kg2 Kg7 42. f3 Kf6 43. Kf2 Ke5 44. Kg3 Kf6 45. a7 Kg7 46. h4 Ra4 47. hxg5 hxg5 48. Kf2 Ra2+ 49. Ke3 Ra3+ 50. Kd4 Ra1 51. Ke5 Ra2 52. Kf5 Ra5+ 1/2-1/2

[Event "HUN-chT2 Erkel 0506"]
[Site "Hungary"]
[Date "2006.01.22"]
[Round "6"]
[White "Bodi, Tamas"]
[Black "Mester, Attila"]
[Result "1/2-1/2"]
[WhiteElo "2214"]
[BlackElo "2089"]
[PlyCount "31"]
[EventDate "2005.10.16"]
[EventType "team"]
[EventRounds "11"]
[EventCountry "HUN"]
[SourceTitle "EXT 2009"]
[Source "ChessBase"]
[SourceDate "2008.11.26"]
[SourceVersion "1"]
[SourceVersionDate "2008.11.26"]
[SourceQuality "1"]
[WhiteTeam "Fuzesabony"]
[BlackTeam "Penzugyor II"]
[WhiteTeamCountry "HUN"]
[BlackTeamCountry "HUN"]

1. Nc3 c5 2. f4 d5 3. d3 Nf6 4. Nf3 Nc6 5. g3 Bg4 6. Bg2 Bxf3 7. Bxf3 e5 8. 0-0 Qd7 9. e4 d4 10. Ne2 h5 11. f5 Bd6 12. c3 Ke7 13. Bg5 Bc7 14. Qc2 Bd6 15. Rfe1 Rac8 16. Rad1 1/2-1/2

[Event "HUN-chT2 Erkel 0506"]
[Site "Hungary"]
[Date "2005.11.13"]
[Round "3"]
[White "Bodi, Tamas"]
[Black "Zala, Gyula"]
[Result "1/2-1/2"]
[WhiteElo "2214"]
[BlackElo "2145"]
[PlyCount "34"]
[EventDate "2005.10.16"]
[EventType "team"]
[EventRounds "11"]
[EventCountry "HUN"]
[SourceTitle "EXT 2009"]
[Source "ChessBase"]
[SourceDate "2008.11.26"]
[SourceVersion "1"]
[SourceVersionDate "2008.11.26"]
[SourceQuality "1"]
[WhiteTeam "Fuzesabony"]
[BlackTeam "Vaci"]
[WhiteTeamCountry "HUN"]
[BlackTeamCountry "HUN"]

1. Nc3 g6 2. e4 Bg7 3. f4 d6 4. Nf3 e6 5. d4 Ne7 6. Be3 Nd7 7. Qd2 b6 8. Bd3 Bb7 9. 0-0-0 d5 10. e5 a6 11. g4 c5 12. f5 cxd4 13. Bxd4 Nc6 14. Qe3 Nxd4 15. Nxd4 Qh4 16. Kb1 Nxe5 17. fxe6 0-0 1/2-1/2

[Event "Eger Agria op"]
[Site "Eger"]
[Date "2005.07.29"]
[Round "6"]
[White "Olear, Laszlo"]
[Black "Bodi, Tamas"]
[Result "0-1"]
[WhiteElo "2057"]
[BlackElo "2214"]
[PlyCount "46"]
[EventDate "2005.07.18"]
[EventType "swiss"]
[EventRounds "9"]
[EventCountry "HUN"]
[SourceTitle "EXT 2008"]
[Source "ChessBase"]
[SourceDate "2007.11.25"]
[SourceVersion "1"]
[SourceVersionDate "2007.11.25"]
[SourceQuality "1"]

1. e4 d5 2. exd5 Nf6 3. Bb5+ Bd7 4. Be2 Nxd5 5. d4 g6 6. Nf3 Bg7 7. 0-0 0-0 8. c4 Nf6 9. Nc3 c6 10. Bg5 h6 11. Bf4 Qb6 12. Qd2 Kh7 13. Ne5 Bc8 14. d5 Nbd7 15. Rfe1 cxd5 16. cxd5 Nxe5 17. Bxe5 Ne4 18. Qf4 Nxf2 19. Kf1 Bxe5 20. Qxe5 Ng4 21. Bxg4 Bxg4 22. Qg3 Bd7 23. Rxe7 Qf6+ 0-1

[Event "Eger Agria op"]
[Site "Eger"]
[Date "2005.07.26"]
[Round "3"]
[White "Bodi, Tamas"]
[Black "Prohaszka, Peter"]
[Result "1/2-1/2"]
[WhiteElo "2214"]
[BlackElo "2331"]
[PlyCount "119"]
[EventDate "2005.07.18"]
[EventType "swiss"]
[EventRounds "9"]
[EventCountry "HUN"]
[SourceTitle "EXT 2008"]
[Source "ChessBase"]
[SourceDate "2007.11.25"]
[SourceVersion "1"]
[SourceVersionDate "2007.11.25"]
[SourceQuality "1"]

1. Nc3 d5 2. e4 c6 3. Qf3 dxe4 4. Nxe4 Nd7 5. d4 Ngf6 6. c3 e6 7. Bc4 Nxe4 8. Qxe4 Qc7 9. Bf4 Bd6 10. Bxd6 Qxd6 11. Nf3 b6 12. 0-0 Bb7 13. a4 Nf6 14. Qe5 Qxe5 15. Nxe5 Nd7 16. f4 Nxe5 17. dxe5 Ke7 18. f5 c5 19. Rf2 Bd5 20. Bxd5 exd5 21. Rd1 Rad8 22. Rfd2 g6 23. fxg6 hxg6 24. Rxd5 Rxd5 25. Rxd5 Rh5 26. a5 Ke6 27. Rd6+ Kxe5 28. Rd7 bxa5 29. Rxa7 Ke4 30. Rxa5 c4 31. Ra4 Kd3 32. Rb4 Rf5 33. g3 g5 34. Kg2 g4 35. h3 gxh3+ 36. Kxh3 Rf1 37. Kg4 f5+ 38. Kh4 Rh1+ 39. Kg5 Rg1 40. Kxf5 Rxg3 41. Kf4 Rg8 42. Ke5 Rd8 43. Rb5 Kc2 44. Rb4 Rd3 45. Ke4 Rd8 46. Rxc4 Kxb2 47. Rc7 Kb3 48. Ke5 Rd1 49. c4 Kb4 50. Rc8 Rc1 51. Rb8+ Kc5 52. Rc8+ Kb4 53. Kd4 Rd1+ 54. Ke3 Rc1 55. Kd3 Rd1+ 56. Ke2 Rd4 57. c5 Rc4 58. c6 Kb5 59. c7 Kb6 60. Kd3 1/2-1/2

[Event "Eger Agria op"]
[Site "Eger"]
[Date "2005.07.25"]
[Round "2"]
[White "Krivolapov, Konstantin"]
[Black "Bodi, Tamas"]
[Result "1/2-1/2"]
[WhiteElo "2352"]
[BlackElo "2214"]
[PlyCount "52"]
[EventDate "2005.07.18"]
[EventType "swiss"]
[EventRounds "9"]
[EventCountry "HUN"]
[SourceTitle "EXT 2008"]
[Source "ChessBase"]
[SourceDate "2007.11.25"]
[SourceVersion "1"]
[SourceVersionDate "2007.11.25"]
[SourceQuality "1"]

1. e4 d5 2. exd5 Nf6 3. c4 c6 4. Nc3 cxd5 5. cxd5 Nxd5 6. Nf3 Nc6 7. d4 e6 8. Bc4 Bb4 9. Bd2 0-0 10. a3 Nxc3 11. bxc3 Bd6 12. 0-0 e5 13. h3 Qc7 14. Qe2 Bf5 15. Nh4 Bd7 16. Qh5 Ne7 17. Ba2 exd4 18. cxd4 Bxa3 19. Bb1 g6 20. Qh6 Bb2 21. Bf4 Qd8 22. Be5 f6 23. Nxg6 Nxg6 24. Bxg6 hxg6 25. Qxg6+ Kh8 26. Qh6+ Kg8 1/2-1/2

[Event "Fuzesabony rap op 10th"]
[Site "Fuzesabony"]
[Date "2004.10.16"]
[Round "4"]
[White "Kotan, Ladislav"]
[Black "Bodi, Tamas"]
[Result "1-0"]
[WhiteElo "2332"]
[BlackElo "2169"]
[PlyCount "81"]
[EventDate "2004.10.16"]
[EventType "swiss (rapid)"]
[EventRounds "7"]
[EventCountry "HUN"]
[SourceTitle "EXT 2008"]
[Source "ChessBase"]
[SourceDate "2007.11.25"]
[SourceVersion "1"]
[SourceVersionDate "2007.11.25"]
[SourceQuality "1"]

1. e4 Nf6 2. Nc3 d5 3. exd5 Nxd5 4. Bc4 c6 5. Qf3 e6 6. Nge2 Nd7 7. d4 N7f6 8. 0-0 Bd6 9. Bg5 Be7 10. Rad1 h6 11. Bc1 a6 12. a3 b5 13. Bd3 Bb7 14. Ne4 Nxe4 15. Bxe4 0-0 16. b3 Rc8 17. c4 Nf6 18. Bc2 bxc4 19. bxc4 Qc7 20. c5 a5 21. Bf4 Qd7 22. Be5 Ba6 23. Rfe1 Bc4 24. Nf4 Bd5 25. Qd3 Rfe8 26. Nh5 Ne4 27. Rxe4 Bxe4 28. Qxe4 f5 29. Qe3 Bf8 30. Qg3 Kh7 31. h4 Qf7 32. Qf3 Red8 33. g4 g6 34. Nf6+ Kh8 35. Ne8+ Kh7 36. Nd6 Bxd6 37. Bxd6 Qf6 38. Qg3 Rd7 39. g5 hxg5 40. hxg5 Qd8 41. Be5 1-0